[Event "New Delhi"]
[Site "New Delhi"]
[Date "1990.??.??"]
[Round "?"]
[White "Anand, Viswanathan"]
[Black "Polgar, Sofia"]
[Result "1-0"]
[WhiteElo "2610"]
[BlackElo "2425"]
[Annotator "Anand,V"]
[PlyCount "99"]
[EventDate "1990.??.??"]
[EventType "tourn"]
[EventRounds "9"]
[EventCountry "IND"]
[SourceTitle "CBM 022"]
[Source "ChessBase"]
[SourceDate "1991.06.01"]
[SourceVersion "1"]
[SourceVersionDate "1991.06.01"]
[SourceQuality "1"]

1. e4 c5 2. Nf3 e6 3. d4 cxd4 4. Nxd4 Nc6 5. Nb5 d6 6. c4 Nf6 7. N1c3 a6 8. Na3
b6 9. Be2 Bb7 10. O-O Nb8 11. f3 Be7 (11... Nbd7 12. Bf4 $14) 12. Be3 Nbd7 13.
Qd2 O-O 14. Rfd1 Qc7 15. Rac1 Rac8 16. Kh1 Qb8 17. Bf1 Kh8 18. Nc2 Rg8 19. b3
Bc6 20. Bg1 g5 21. Re1 $1 Rg6 (21... Ba8) 22. Nd5 $1 $14 Bd8 23. Nxf6 Nxf6 24.
Bd3 Nh5 25. Bd4+ e5 (25... Kg8 26. Ne3 Nf4 27. Bb1 $16) 26. Be3 (26. Bb2 $5 g4
(26... Nf4 27. Ne3 $16) 27. f4 (27. fxg4 Rxg4 28. Qh6 Nf4) 27... Kg8 28. f5 Bg5
29. Ne3 $14) 26... g4 27. fxg4 Nf6 28. Nb4 $1 Bxe4 29. h3 Qb7 30. Nd5 Bxd3 31.
Qxd3 b5 (31... h5 32. gxh5 Nxh5 33. g4 $14) 32. Nxf6 Rxf6 33. Qd5 Qd7 (33...
Qxd5 34. cxd5 Ra8 $14) 34. cxb5 Rxc1 35. Rxc1 axb5 36. Qa8 $16 Rg6 37. Bb6 Rg8
38. Rc8 Qxc8 39. Qxc8 Bxb6 40. Qc6 Bc5 41. Qxb5 e4 42. b4 Bf2 43. Qe2 e3 44.
Qb2+ $1 Rg7 45. b5 d5 46. b6 $18 Bg3 47. b7 f6 48. b8=Q+ Bxb8 49. Qxb8+ Rg8 50.
Qa7 1-0

[Event "Pune"]
[Site "Pune"]
[Date "2004.09.07"]
[Round "5"]
[White "Sandipan, Chanda"]
[Black "Nisipeanu, Liviu Dieter"]
[Result "0-1"]
[WhiteElo "2555"]
[BlackElo "2686"]
[Annotator "Atlas,V"]
[PlyCount "68"]
[EventDate "2004.09.03"]
[EventType "tourn"]
[EventRounds "9"]
[EventCountry "IND"]
[EventCategory "16"]
[SourceTitle "CBM 104"]
[Source "ChessBase"]
[SourceDate "2005.01.27"]
[SourceVersion "1"]
[SourceVersionDate "2005.01.27"]
[SourceQuality "1"]

1. e4 c5 2. Nf3 e6 3. d4 cxd4 4. Nxd4 Nc6 5. Nb5 d6 6. c4 Nf6 7. N1c3 a6 8. Na3
b6 9. Be2 Bb7 10. Be3 Be7 11. O-O Ne5 12. f3 O-O 13. Qb3 Ned7 14. Rfd1 Qc7 15.
Rac1 Rac8 16. Kh1 Rfe8 17. Nab1 h5 $1 18. a3 Qb8 19. Bf2 h4 $1 20. Bxh4 Nc5 21.
Qa2 ({After} 21. Qc2 {Black has a choice between 21...Nfe4 and} Ng4 22. fxg4 (
22. Bxe7 Nf2+ 23. Kg1 Nxd1 $17) 22... Bxh4 {, with a good play in both lines.})
21... Nfxe4 $1 22. Nxe4 Nxe4 23. Bxe7 Nf2+ 24. Kg1 Nxd1 25. Bg5 d5 $1 26. Bxd1
$6 ({Of course, not} 26. Rxd1 $4 Qe5 {, winning a piece.}) (26. b3 Qe5 27. Qd2
{was to be preferred.}) 26... Qe5 27. Bd2 dxc4 28. Rxc4 ({More tenacious was} 
28. Bc2 {, although after} Qd4+ 29. Kh1 Qf2 {Black has very good attacking
prospects.}) 28... Bd5 $1 29. Rxc8 Rxc8 30. b3 {[%tqu "En","How can Black use
h the disharmony in the placement of White's pieces?","Exploit the weakness of
White's back rank.","Sacrifice your rook!","c8c1","This beautiful rook thrust
destroys White's last illusions. Black's attack becomes irresistible.",6]} Rc1
$1 {[%csl Gc1,Rd1,Rd2,Re1,Ge5,Rg1] A remarkable winning move! Rook thrust
breaks Sandipan's defense and spells a quick end for White.} 31. Nc3 ({The
rook is, of course, invulnerable:} 31. Bxc1 Qe1#) 31... Qd4+ 32. Kf1 Bxb3 $1 {
[%csl Ra2,Rd1,Rd2,Rf1][%cal Gd4d1,Gc1f1] The final blow. Now the game is over.}
33. Qxb3 ({Or} 33. Qb2 Bc4+ 34. Ke1 Qg1#) 33... Qxd2 34. Qxb6 Rxc3 0-1

[Event "World Team-ch01"]
[Site "Luzern"]
[Date "1985.11.18"]
[Round "2.3"]
[White "Barbulescu, Dan"]
[Black "Wirthensohn, Heinz"]
[Result "1-0"]
[WhiteElo "2465"]
[BlackElo "2405"]
[Annotator "Barbulescu,D"]
[PlyCount "69"]
[EventDate "1985.11.16"]
[EventType "team-tourn"]
[EventRounds "9"]
[EventCountry "SUI"]
[SourceTitle "EXT 2018"]
[Source "ChessBase"]
[SourceDate "2017.10.13"]
[SourceVersion "1"]
[SourceVersionDate "2017.10.13"]
[SourceQuality "1"]
[WhiteTeam "Romania"]
[BlackTeam "Switzerland"]
[WhiteTeamCountry "ROU"]
[BlackTeamCountry "SUI"]

1. e4 c5 2. Nf3 e6 3. d4 cxd4 4. Nxd4 Nc6 5. Nb5 d6 6. c4 Nf6 7. N1c3 a6 8. Na3
d5 9. exd5 exd5 10. cxd5 Nb4 11. Be2 Bc5 12. O-O O-O 13. Bg5 $5 {N} Nbxd5 $1 (
13... b5 14. Ne4 $16) (13... h6 14. Bxf6 Qxf6 15. Nc2 $16) (13... Re8 14. Bxf6
Qxf6 15. Nc2 $16) (13... Bf5 14. Nc4 $1 Nc2 (14... Nbxd5 $2 15. Nxd5 Qxd5 16.
Bxf6 Qxd1 17. Rfxd1 gxf6 18. Rd5 $18) (14... Re8 15. Be3 Bf8 16. Bb6 {/\ Ne3+/-
}) 15. Rc1 Nd4 16. Ne3 Nxe2+ 17. Nxe2 Bxe3 18. fxe3 $16) 14. Nxd5 Qxd5 15. Qxd5
Nxd5 16. Bf3 $14 Be6 17. Rfd1 Nf6 (17... Nb4 18. Rac1 Ba7 19. Rc7 Nxa2 20. Bxb7
Rab8 21. Bxa6 $16) (17... Nc3 $5) 18. Rac1 Bxa3 19. bxa3 Bg4 $5 (19... Bxa2 20.
Bxb7 Ra7 21. Bf3 $14 {^^}) 20. Bxb7 Rab8 21. Bf3 Bxf3 22. gxf3 Rb6 23. Be3 Re6
24. a4 h6 25. Rc7 (25. a5 $142 Rb8 $140 26. Bb6) 25... Rb8 26. a5 Rb5 27. Rd8+
(27. Rc5 Rb2 $132) (27. Bb6 Nd5 28. a4 Nxc7 29. axb5 Nxb5 30. Rd8+ Kh7 31. Ra8
Nc3 $1 32. Rxa6 Nd5 $11) 27... Kh7 28. Rxf7 Nd5 $2 (28... Rxa5 29. Rd2 $14) 29.
Bd4 $1 $18 Rb1+ 30. Kg2 Rg6+ 31. Kh3 Rb7 (31... Rg5 32. f4) (31... Rb5 32. Rdd7
) 32. Rff8 $1 Rg5 33. f4 Rh5+ 34. Kg4 Nf6+ 35. Bxf6 1-0

[Event "Minsk International"]
[Site "Minsk"]
[Date "1982.05.16"]
[Round "7"]
[White "Psakhis, Lev"]
[Black "Tseshkovsky, Vitaly"]
[Result "1-0"]
[WhiteElo "2545"]
[BlackElo "2595"]
[Annotator "Belov,I"]
[PlyCount "83"]
[EventDate "1982.05.07"]
[EventType "tourn"]
[EventRounds "15"]
[EventCountry "URS"]
[EventCategory "11"]
[SourceTitle "MCL"]
[Source "ChessBase"]
[SourceDate "1999.07.01"]
[SourceVersion "1"]
[SourceVersionDate "1999.07.01"]
[SourceQuality "1"]

1. e4 c5 2. Nf3 Nc6 3. d4 cxd4 4. Nxd4 e6 5. Nb5 d6 6. c4 a6 7. N5c3 Nf6 8. Be2
Be7 9. O-O O-O 10. Na3 b6 11. Be3 Rb8 (11... Bb7 12. f4 (12. Qb3 Nd7 13. Rfd1
Nc5 14. Qc2 (14. Bxc5 bxc5 15. Qxb7 $2 Na5 $19) 14... Qc7 15. Rac1 Rac8 16.
Nab1 Nb4 $10 {Yudasin,L-Lautier,J/Pamplona/1992/0:1 (39) Inf 56/197/}) 12...
Rc8 13. Rc1 Re8 14. Bf3 Bf8 15. Qe2 Nd7 16. Rfd1 $14 {Ivanchuk,V-Granda Zuniga,
J/Biel(izt)/1993/1:0 (37) Inf 58/217/}) 12. Rc1 Bb7 13. Qb3 Ba8 (13... Nd7 $5
14. Rfd1 Nc5 $10) 14. Rfd1 Qc8 (14... Qc7 15. Nd5 $1) 15. f3 (15. Nd5 $6 Nxe4)
15... Ne5 16. Rd2 Qb7 $10 17. Qd1 Rfc8 18. Qf1 $1 $14 Rc6 19. Kh1 Re8 20. Bg1
Rec8 21. Rcd1 Qb8 22. Rb1 $5 Nfd7 23. Be3 Bf6 24. Nd1 $5 Nf8 25. f4 Neg6 26.
Nf2 Be7 27. Rbd1 R6c7 $1 28. Nb1 Nd7 29. Nc3 Bc6 30. Kg1 Nc5 31. g3 Rb7 $132
32. Qh3 $5 Bf6 $6 (32... b5 $5 33. b4 Nd7 34. f5 exf5 35. exf5 Nge5 36. Nd5 Nf6
$13) 33. Rxd6 Bxc3 34. bxc3 Na4 (34... Bxe4 $2 35. Bxc5 $18) (34... Nxe4 $2 35.
Rxc6 $16) 35. f5 Nf8 36. f6 $16 Nxc3 (36... gxf6 37. Ng4 Ng6 38. Qh6 $18) 37.
fxg7 $1 Ng6 (37... Nxe2+ 38. Kf1) 38. Ng4 $1 Nxe2+ 39. Kf2 Nc3 40. Nf6+ $18
Kxg7 41. Qh6+ Kxf6 42. Bg5+ (42. Bg5+ Ke5 43. Qg7+ $18) 1-0

[Event "Boeblinger op 32nd"]
[Site "Boeblingen"]
[Date "2015.12.30"]
[Round "9"]
[White "Skoberne, Jure"]
[Black "Kvetny, Mark"]
[Result "1-0"]
[WhiteElo "2547"]
[BlackElo "2393"]
[Annotator "Besenthal,K"]
[PlyCount "57"]
[EventDate "2015.12.26"]
[EventType "swiss"]
[EventRounds "9"]
[EventCountry "GER"]
[SourceTitle "CBM 170 Extra"]
[Source "ChessBase"]
[SourceDate "2016.02.25"]
[SourceVersion "1"]
[SourceVersionDate "2016.02.25"]
[SourceQuality "1"]

1. Nf3 c5 2. c4 Nc6 3. d4 cxd4 4. Nxd4 Nf6 5. Nc3 e6 6. e4 {[#] Letztlich ist
die Partie ins Paulsen-System der Sizilianischen Verteidigung übergegangen,
wo die von Weiß gewählte Maroczy-Struktur als nicht sonderlich effektiv
angesehen wird. Schwarz, der seinen schwarzfeldrigen Läufer gut ins Spiel
bringen kann, hat eine sehr annehmbare Stellung.} Bb4 7. Nxc6 bxc6 8. Bd3 e5 9.
O-O O-O 10. Qc2 d6 11. Rb1 Be6 12. a3 Bxc3 $6 {[#] Nach diesem Zug, mit dem
Schwarz ohne Not das Läuferpaar preisgibt, hat Weiß mit Blick auf die
praktische Partie einen kleinen Vorteil.} 13. Qxc3 Nd7 {Durch diesen am Ende
rein passiven Zug verschlechtert sich die schwarze Stellung. Der Springer
gelangt nie nach c5.} (13... Re8 14. Qc2 d5 {kam in Frage. Läuferpaar hin
oder her: Schwarz besitzt einen Zentrumsbauern mehr und seine Figuren stehen
gut.}) 14. b4 a5 15. Be3 axb4 16. axb4 c5 17. b5 Qa5 18. Qxa5 Rxa5 19. Rfd1 {
Weiß hat jetzt deutlichen Vorteil. Er besitzt einen Freibauern und kann die
Schwäche d6 attackieren. Schwarz kann sich nicht effektiv verteidigen.} Nb6
20. Bf1 Bxc4 21. Rxd6 Bxf1 22. Kxf1 Na4 $2 {[#] Ein Fehler, aber die Stellung
erforderte auch einiges an Rechenkünsten... Der Verteidiger hat hier
definitiv die deutlich schwerere Aufgabe.} (22... Rb8 $1 23. Bxc5 Na4 {hätte
verhindert, dass der weiße Freibauer sofort ins Laufen kommt.} 24. Rd5 $1 Nc3
25. Bb4 Raxb5 26. Rxb5 Nxb5 (26... Rxb5 $2 27. Ra1) 27. Bd6 $16) 23. Ra6 Ra8
24. Rxa5 Rxa5 25. b6 Ra8 26. b7 Rb8 27. Ra1 Nb6 28. Bxc5 Nd7 29. Ra8 1-0

[Event "Buenos Aires Najdorf"]
[Site "Buenos Aires"]
[Date "1993.??.??"]
[Round "3"]
[White "Zarnicki, Pablo Adrian"]
[Black "Milos, Gilberto"]
[Result "0-1"]
[WhiteElo "2470"]
[BlackElo "2560"]
[Annotator "Blatny,P"]
[PlyCount "58"]
[EventDate "1993.04.??"]
[EventType "tourn"]
[EventRounds "11"]
[EventCountry "ARG"]
[EventCategory "13"]
[SourceTitle "CBM 035"]
[Source "ChessBase"]
[SourceDate "1993.08.01"]
[SourceVersion "1"]
[SourceVersionDate "1993.08.01"]
[SourceQuality "1"]

1. e4 c5 2. Nf3 e6 3. d4 cxd4 4. Nxd4 Nc6 5. Nb5 d6 6. c4 Nf6 7. N1c3 a6 8. Na3
b6 9. Be2 Bb7 10. O-O Nb8 {/\Nd7-c5 קe4} 11. f3 Nbd7 12. Bf4 (12. Nc2 {
/\b3,Bb2}) 12... Qc7 13. Qd2 (13. Nc2 {/\Bf4-g3-f2}) 13... Be7 14. Rfd1 Ne5 15.
Rac1 O-O 16. Bf1 Rac8 17. Bg3 Rfe8 18. Qe1 Qb8 19. f4 Ng6 20. Qe2 Qa8 21. Re1
h5 22. e5 dxe5 23. fxe5 Bc5+ 24. Kh1 Ng4 25. Nc2 Nf2+ 26. Bxf2 Nf4 27. Qe4 Bxe4
28. Nxe4 Bxf2 29. Nxf2 Rxc4 0-1

[Event "Kerteminde"]
[Site "Kerteminde"]
[Date "1991.??.??"]
[Round "7"]
[White "Berg, Klaus"]
[Black "Jansa, Vlastimil"]
[Result "0-1"]
[WhiteElo "2420"]
[BlackElo "2495"]
[Annotator "Blatny,P"]
[PlyCount "84"]
[EventDate "1991.02.??"]
[EventType "tourn"]
[EventRounds "9"]
[EventCountry "DEN"]
[EventCategory "10"]
[SourceTitle "CBM 023"]
[Source "ChessBase"]
[SourceDate "1991.08.01"]
[SourceVersion "1"]
[SourceVersionDate "1991.08.01"]
[SourceQuality "1"]

1. e4 c5 2. Nf3 e6 3. d4 cxd4 4. Nxd4 Nc6 5. Nb5 d6 6. Bf4 e5 7. Be3 Nf6 8. Bg5
$6 Qa5+ 9. Qd2 Nxe4 10. Qxa5 Nxa5 11. Be3 (11. Nc7+ Kd7 12. Nxa8 Nxg5 $17)
11... Kd7 12. Nxa7 d5 13. Nxc8 Rxc8 14. Bd3 Nc4 {[+]} 15. Bxe4 Nxe3 $1 16. fxe3
dxe4 17. c3 f5 18. Ke2 Ke6 19. Nd2 Be7 20. Rhd1 Rhd8 21. a4 Rc6 22. Nf1 Rxd1
23. Kxd1 f4 {_|_ B>N --> N>B: Lein-Birmingham CBM_23} 24. Ke2 Rb6 25. Ra2 Kf5
26. a5 Rg6 27. Kf2 Rd6 28. Ke2 Rg6 29. Kf2 Ra6 30. b4 Rc6 31. Ra3 Rd6 32. Ke2
Kg4 33. h3+ Kf5 34. Rb3 Rg6 35. Kf2 Bh4+ 36. Kg1 Rd6 37. Rb1 Rd3 38. exf4 exf4
39. b5 e3 40. a6 bxa6 41. bxa6 Bf2+ 42. Kh2 e2 0-1

[Event "Bugojno"]
[Site "Bugojno"]
[Date "1978.03.07"]
[Round "9"]
[White "Spassky, Boris Vasilievich"]
[Black "Karpov, Anatoly"]
[Result "1/2-1/2"]
[WhiteElo "2630"]
[BlackElo "2725"]
[Annotator "Bulletin"]
[PlyCount "44"]
[EventDate "1978.02.27"]
[EventType "tourn"]
[EventRounds "15"]
[EventCountry "YUG"]
[EventCategory "14"]
[SourceTitle "MCL"]
[Source "ChessBase"]
[SourceDate "1999.07.01"]
[SourceVersion "1"]
[SourceVersionDate "1999.07.01"]
[SourceQuality "1"]

1. e4 c5 2. Nf3 e6 3. d4 cxd4 4. Nxd4 Nc6 5. Nb5 d6 6. c4 Nf6 7. N1c3 a6 8. Na3
Be7 9. Be2 O-O 10. O-O b6 11. Be3 Bb7 12. Qb3 Nd7 13. Rad1 (13. Rfd1 Nc5 14.
Qc2 Bf6 15. Rac1 Be5 16. Nab1 Qh4 17. g3 Qf6 18. f4 $14 {Karpov-Olafsson,
Amsterdam 1976}) 13... Nc5 14. Qc2 Qc7 15. f4 Rfd8 16. Bf3 Rac8 17. Qe2 Qb8 18.
Qf2 Ba8 19. Rd2 Bf6 20. Nab1 Be7 {/\..b5} 21. Na3 Bf6 22. Nab1 Be7 1/2-1/2

[Event "BCF-ch 82nd"]
[Site "Swansea"]
[Date "1995.??.??"]
[Round "2"]
[White "Hunt, Harriet"]
[Black "Sadler, Matthew D"]
[Result "0-1"]
[WhiteElo "2385"]
[BlackElo "2575"]
[Annotator "Bulletin"]
[PlyCount "96"]
[EventDate "1995.08.??"]
[EventType "swiss"]
[EventRounds "11"]
[EventCountry "WLS"]
[SourceTitle "EXT 1997"]
[Source "ChessBase"]
[SourceDate "1996.11.15"]
[SourceVersion "1"]
[SourceVersionDate "1996.11.15"]
[SourceQuality "1"]

1. e4 c5 2. Nf3 e6 3. d4 cxd4 4. Nxd4 Nc6 5. Nb5 d6 6. c4 Nf6 7. N1c3 a6 8. Na3
Be7 9. Be2 O-O 10. O-O b6 11. f4 {The usual course is to play more solidly
with 11 Be3, f3, Qd2/b3,Rfd1 etc. The text is more active but with a knight on
a3, Black has little to fear from a quick attack.} Bb7 12. Bf3 Rc8 13. Be3 Re8
14. Rc1 Bf8 15. Qd2 Qc7 16. Qf2 (16. Nd5 exd5 17. cxd5 Nxe4 {is good for black}
) 16... Nd7 17. Rfd1 Ba8 18. Rd2 Qb8 19. e5 {It would have been better to just
sit tight.} Nc5 20. Bxc6 {White should not give up this bishop, better 20 exd6
but Black already has an easy game} Bxc6 21. b4 Nd7 22. exd6 Bxd6 23. c5 Bf8 {
The c5 pawn is very weak and Black has ideas such as Ba8 and Qb7} 24. Nc2 bxc5
25. bxc5 e5 26. f5 Nf6 27. Rb1 Qc7 28. h3 Ba8 29. Nb4 (29. Na4 Ne4) 29... Bxc5
30. Nbd5 Nxd5 31. Nxd5 Bxd5 32. Rxd5 Bf8 {Black has better winning chances
with bishops on, heavy piece endings are hard to win} 33. Rbd1 Qc4 34. f6 g6
35. Rd7 Qe6 36. Qh4 Rc4 37. g4 $2 Rc2 38. a4 Qc6 39. Qg3 Qxa4 40. Qf3 e4 41.
Qf4 Re2 42. Kf1 Rb2 43. R7d4 Qb5+ 44. Kg1 a5 45. Rd5 Qe2 46. R5d2 Rxd2 47. Rxd2
Qe1+ 48. Kg2 a4 {[#]} 0-1

[Event "Yerevan"]
[Site "Yerevan"]
[Date "1989.??.??"]
[Round "?"]
[White "Akopian, Vladimir Eduardovic"]
[Black "Marjanovic, Slavoljub"]
[Result "1/2-1/2"]
[WhiteElo "2520"]
[BlackElo "2490"]
[Annotator "Bulletin"]
[PlyCount "45"]
[EventDate "1989.05.??"]
[EventType "tourn"]
[EventRounds "11"]
[EventCountry "URS"]
[EventCategory "12"]
[SourceTitle "CBM 014"]
[Source "ChessBase"]
[SourceDate "1990.02.01"]
[SourceVersion "1"]
[SourceVersionDate "1990.02.01"]
[SourceQuality "1"]

1. e4 c5 2. Nf3 e6 3. d4 cxd4 4. Nxd4 Nc6 5. Nb5 d6 6. c4 Nf6 7. N1c3 a6 8. Na3
Be7 9. Be2 O-O 10. O-O b6 11. Be3 Bb7 12. Qb3 Nd7 13. Rfd1 Nc5 14. Qc2 Bf6 15.
Rac1 Qc7 16. Nab1 Nb4 17. Qd2 Rad8 18. Qe1 Rfe8 19. Bf1 Nc6 20. f3 Ba8 21. Qf2
Qb8 22. b3 (22. a3 $1 {/\ 23.b4 Nd7 24.Na4} Nb3 23. Rc2 Rd7 24. Bxb6 Rb7 25.
Be3) 22... Rc8 23. Qd2 1/2-1/2

[Event "URS-ch46 First League"]
[Site "Ashkhabad"]
[Date "1978.??.??"]
[Round "5"]
[White "Savon, Vladimir A"]
[Black "Sveshnikov, Evgeny"]
[Result "1/2-1/2"]
[WhiteElo "2560"]
[BlackElo "2565"]
[Annotator "Bulletin"]
[PlyCount "50"]
[EventDate "1978.10.??"]
[EventType "tourn"]
[EventRounds "17"]
[EventCountry "URS"]
[EventCategory "10"]
[SourceTitle "MCL"]
[Source "ChessBase"]
[SourceDate "1999.07.01"]
[SourceVersion "1"]
[SourceVersionDate "1999.07.01"]
[SourceQuality "1"]

1. e4 c5 2. Nf3 e6 3. d4 cxd4 4. Nxd4 Nc6 5. Nxc6 bxc6 6. c4 Nf6 7. Nc3 Bb4 8.
Bd3 Bxc3+ $5 (8... d5 $10) (8... e5 9. O-O O-O 10. Bd2 Be7 11. Qe2 d6 $10) 9.
bxc3 Qa5 10. Qb3 Ba6 11. O-O d5 (11... O-O $15 12. Ba3 $2 Rfb8 13. Bb4 Qh5 $17)
12. exd5 cxd5 13. Rd1 dxc4 14. Bxc4 Bxc4 15. Qxc4 O-O 16. Qb4 Qh5 17. Be3 Rfc8
(17... Nd5) 18. c4 Rab8 $10 19. Qd2 h6 20. Bxa7 Ra8 21. Bd4 e5 22. Be3 Rxc4 23.
h3 Rca4 24. Rdc1 Qf5 25. Rc2 Qe6 1/2-1/2

[Event "World U20-ch22"]
[Site "Belfort"]
[Date "1983.08.26"]
[Round "13"]
[White "Short, Nigel D"]
[Black "Barbulescu, Dan"]
[Result "1-0"]
[WhiteElo "2510"]
[BlackElo "2320"]
[Annotator "Bulletin/Primel,D"]
[PlyCount "79"]
[EventDate "1983.08.12"]
[EventType "swiss"]
[EventRounds "13"]
[EventCountry "FRA"]
[SourceTitle "EXT 2004"]
[Source "ChessBase"]
[SourceDate "2003.11.25"]
[SourceVersion "1"]
[SourceVersionDate "2003.11.25"]
[SourceQuality "1"]

1. e4 c5 2. Nf3 e6 3. d4 cxd4 4. Nxd4 Nc6 5. Nb5 d6 6. c4 (6. Bf4 $5 e5 7. Be3
Nf6 8. Bg5 Be6 9. Nd2 a6 10. Nc3) 6... Nf6 7. N1c3 a6 8. Na3 Be7 (8... d5 $6 {
le gambit KASPAROV joué pendant le championnat du Monde 1985 n' a eu qu'un
succés provisoire car les blancs ont trouvé des bonnes suites.}) (8... b6 {
L'alternative mais qui retombe souvent dans la variante principale par
interversion de coups.} 9. Be2 Bb7 10. O-O Nb8 $5 {[%cal Gb8d7] la manoeuvre
classique pour recycler le N sur une meilleure case car il est mal placé en
"c6" sur cette structure MAROCZY. Dans cette partie, BARBULESCU choisit
l'autre méthode en passant par Ne5d7} (10... Be7 $142 11. Be3 O-O 12. Qb3 Nd7
13. Rfd1 Nc5 14. Qc2 Bf6 $1 {[%cal Gd8e7]} (14... Qc7 15. Rac1 Rac8) 15. Rac1
Qe7 {les noirs obtiennent une position plus active que dans l'autre plan Qc7b8
et Bd8c7} (15... Qc7) 16. Nab1 Nb4 $1 {[%cal Gb4c2,Gd6d5]} 17. Qd2 Rfd8 18. Qe1
(18. Bd4 Be5 19. Qe3) 18... d5 $1 $132) 11. f3 Nbd7 12. Be3 Be7 13. Qd2 O-O 14.
Rfd1 Qc7 15. Rac1 Rac8 {[%cal Gc7b8];Peter,S (2267)-Primel,D (2127) Nationale
II 0405 2005 1/2}) 9. Be2 O-O 10. O-O b6 11. Be3 (11. f4 $143 d5 $5) 11... Ne5
{[%cal Ge5d7]} 12. Qb3 $1 (12. f4) (12. f3) 12... Ned7 {[%cal Gd7b6,Gd7c5]} 13.
Rfd1 Qc7 14. Rac1 (14. Rd2 Nc5 15. Qc2 Bb7 16. f3 Rac8 17. Rc1 Qb8 18. Qd1 Ncd7
19. Kh1 Rfe8 20. Qg1 Ba8 21. Nc2 Ne5 22. Qf1 h6 23. Nd4 Bf8 24. a3 Bb7 25. b4
Qa8 26. Nb3 d5 27. exd5 exd5 28. cxd5 Rxc3 {Ciuksyte,D (2370)-Cramling,P (2492)
/Tallinn 2006/CBM 110 ext/1-0 (69)}) (14. f3 Bb7 15. Kh1 Rac8 16. Rd2 Nc5 17.
Qd1 Rfd8 18. Rc1 Qb8 19. Qg1 d5) 14... Bb7 $146 (14... Qa7 $143 $6 {Lind,J 
(2305)-Cramling,P (2200) SWE-ch Ystad 1-0}) 15. f3 Rac8 (15... Nc5 16. Qc2 Rfe8
17. Bf2 Rac8) 16. Kh1 ({RR} 16. Na4 Nc5 17. Nxc5 bxc5 ({RR} 17... dxc5)) 16...
Rfd8 $6 {Une case naturelle de développement mais la Rd8 est passive car la
poussée "d6d5 est difficile à réaliser.} 17. Bf1 Ba8 18. Nab1 Nc5 19. Qc2
Bb7 20. b4 $1 Ncd7 21. Qf2 Ba8 {Le roumain était peut-être déjà en zeitnot car
il a commencé une série de coup d'attente alors que SHORT en a profité pour
améliorer sa structure avec la poussée a3,b4 préparant c5} 22. Na4 Rb8 23. Nd2
Qa7 24. Nb3 {[%cal Gc4c5]} Bc6 25. Nc3 Ba8 26. a3 $14 Rbc8 27. Na4 Rc6 $2 {
le coup d'attente de trop!} 28. Na5 $1 Rc7 29. Nxb6 Qb8 30. Nxa8 Qxa8 31. Bf4
e5 32. Be3 Rdc8 33. Rc2 h6 34. Rdc1 Nh7 35. c5 dxc5 36. bxc5 {La suite de la
partie était manquante} Bg5 37. c6 Nb8 38. Bc4 Nf6 39. Bd5 Rd8 40. Bb6 1-0

[Event "Sonnevanck 5th"]
[Site "Wijk aan Zee"]
[Date "1995.??.??"]
[Round "9"]
[White "Riemersma, Liafbern"]
[Black "Van Mil, Johan"]
[Result "1-0"]
[WhiteElo "2430"]
[BlackElo "2475"]
[Annotator "ChessBase"]
[PlyCount "205"]
[EventDate "1995.02.??"]
[EventType "tourn"]
[EventRounds "9"]
[EventCountry "NED"]
[EventCategory "9"]
[SourceTitle "CBM 046"]
[Source "ChessBase"]
[SourceDate "1995.06.01"]
[SourceVersion "1"]
[SourceVersionDate "1995.06.01"]
[SourceQuality "1"]

1. e4 c5 2. Nf3 e6 3. d4 cxd4 4. Nxd4 Nc6 5. Nb5 d6 6. c4 Nf6 7. N1c3 a6 8. Na3
b6 9. Be2 Bb7 10. O-O Ne5 11. f4 Ned7 12. Bf3 Be7 13. Be3 O-O 14. Qe2 Re8 15.
Rfd1 Qc7 16. Rac1 Rac8 17. g4 h6 18. h4 Nh7 19. Qh2 Qd8 20. Bf2 Ndf8 21. Na4
Rb8 22. Nxb6 Qc7 23. f5 Bf6 24. c5 Bxb2 25. cxd6 Qxc1 26. Rxc1 Bxc1 27. Nac4
Nf6 28. Qg2 exf5 29. e5 Bxf3 30. Qxf3 Nxg4 31. d7 Red8 32. Qxf5 Nxf2 33. Kxf2
Rb7 34. Nd6 Rbxd7 35. Nxd7 Rxd7 36. h5 Ba3 37. Nc4 Bc5+ 38. Ke2 Ne6 39. Qb1
Nf4+ 40. Kf3 Nxh5 41. Qf5 Rd4 42. Qc8+ Bf8 43. Nb6 Nf4 44. Qxa6 Nd3 45. Qb5 Bc5
46. Kg3 h5 47. Qe8+ Kh7 48. Nd7 h4+ 49. Kh2 Rf4 50. Nxc5 Nxc5 51. Qc8 Ne6 52.
Qc2+ Kh6 53. a4 g5 54. a5 g4 55. Qc1 g3+ 56. Kg1 Kg5 57. a6 Nd4 58. Kg2 Kg4 59.
Qxf4+ Kxf4 60. a7 Kg4 61. a8=Q h3+ 62. Kf1 Kf4 63. Qh8 h2 64. Qh4+ Kf3 65. Qh5+
Kf4 66. Qxf7+ Nf5 67. Kg2 Kxe5 68. Qc7+ Ke4 69. Qc6+ Kf4 70. Qc4+ Kg5 71. Qd5
Kg6 72. Qc6+ Kg5 73. Qd5 Kg6 74. Qe4 Kg5 75. Kh3 Nd6 76. Qe3+ Kf6 77. Qf3+ Nf5
78. Kg4 h1=Q 79. Qxh1 g2 80. Qg1 (80. Qxg2 $4 Ne3+ $10) 80... Ke5 81. Qe1+ Kf6
82. Qf2 g1=Q+ 83. Qxg1 Ne7 84. Qd4+ Ke6 85. Kg5 Nd5 86. Kg6 (86. Qe4+) 86...
Ne7+ 87. Kg5 Nd5 88. Qe4+ Kd6 89. Kf5 Ne7+ 90. Kf6 Nd5+ 91. Kf7 Kc5 92. Ke6
Nc7+ 93. Ke5 Nb5 94. Qc2+ Kb4 95. Kd5 Nc3+ 96. Kd4 Nb5+ 97. Kd3 Nd6 98. Qc6 Nb5
99. Qb6 Ka4 100. Kc4 Na3+ 101. Kc5 Nc2 102. Qb2 Na3 103. Qb4# 1-0